Neue Formen der Franchise-Finanzierung.
Nové formy financovania pomocu franchisingu (koncesie) v Nemecku a ich vývoj. Očakávania v oblasti financovania franchisingu a zdroje financovania (samofinancovanie, joint venture, podiely). Financovanie prijímateľa koncesie a jeho zdroje. Vymedzenie partnerských vzťahov.
Salvato in:
| Autore principale: | |
|---|---|
| Altri autori: | |
| Natura: | Capitolo di libro |
| Lingua: | tedesco |
| Soggetti: | |
| Tags: |
Nessun Tag, puoi essere il primo ad aggiungerne!!
|
MARC
| LEADER | 00000naa a2200000 4500 | ||
|---|---|---|---|
| 001 | r006087 | ||
| 005 | 20221208122757.6 | ||
| 041 | 0 | |a ger | |
| 044 | |a DE | ||
| 245 | 1 | 0 | |a Neue Formen der Franchise-Finanzierung. |c B. Oehmen, M. Röhrig |
| 520 | |a Nové formy financovania pomocu franchisingu (koncesie) v Nemecku a ich vývoj. Očakávania v oblasti financovania franchisingu a zdroje financovania (samofinancovanie, joint venture, podiely). Financovanie prijímateľa koncesie a jeho zdroje. Vymedzenie partnerských vzťahov. | ||
| 610 | 2 | 0 | |a franchising |
| 610 | 2 | 0 | |a samofinancovanie |
| 610 | 2 | 0 | |a podnik zmiešaný |
| 610 | 2 | 0 | |a zdroje finančné |
| 610 | 2 | 0 | |a joint ventures |
| 100 | 1 | |a Oehmen, B. | |
| 700 | 1 | |a Röhrig, M. | |